000 00743nas a2200265 4500
001 BR2012002742
003 BR-BrBNA
005 20231205120432.0
007 ta
008 230509b bl.|||p| |||| 00| 00por d
040 _aBR-BrBNA
_bpor
_cBiblioteca Nacional de Agricultura
041 _a(Pt)
072 _aL73
100 1 _aFernandes, W.R.
245 1 _aMieloencefalopatia protozoótica dos eqüinos
650 _aEQÜINO
650 _aDOENÇA ANIMAL
650 _aPROTOZOÁRIO
650 _aSARCOCYSTIS
650 _aNEURÔNIO
650 _aDIAGNÓSTICO
773 0 _tO Biológico (Brazil)
_xISSN 0366-0567
_g(Jul-Dec 1999), v. 61(2) p. 7-10
_wBR2012002742
909 _a202311
_bLúcia
_c55
_dLúcia Elande
942 _2AGRIS
_n0
_cANA
999 _c218489
_d218489